000 00634nam a2200169Ia 4500
008 090711s9999 xx 000 0 und d
082 _b66953
100 _aघाणेकर मधुसूदन
245 _aवैवाहिक जीवन आणि ग्रहविSाार
260 _c1990
300 _a80
600 _aघाणेकर मधुसूदन
630 _aवैवाहिक जीवन आणि ग्रहविSाार
700 _aघाणेकर मधुसूदन
730 _aवैवाहिक जीवन आणि ग्रहविSाार
942 _cBOOK
999 _c308119
_d308119